Fr. Conceicao Rodrigues College of Engineering

Text book of Engineering Mechanics-Dynamics (Record no. 34795)

MARC details
000 -LEADER
fixed length control field 00295nam a2200121Ia 4500
082 ## - DEWEY DECIMAL CLASSIFICATION NUMBER
Classification number 620.1
Item number BRA
100 ## - MAIN ENTRY--PERSONAL NAME
Personal name Brahmankar/D.B
245 ## - TITLE STATEMENT
Title Text book of Engineering Mechanics-Dynamics
260 ## - PUBLICATION, DISTRIBUTION, ETC.
Name of publisher, distributor, etc. Nandu Publishers
Place of publication, distribution, etc. New Delhi
Date of publication, distribution, etc. 2003
546 ## - LANGUAGE NOTE
Language note ENGLISH
654 ## - SUBJECT ADDED ENTRY--FACETED TOPICAL TERMS
Focus term Engineering
942 ## - ADDED ENTRY ELEMENTS (KOHA)
Koha item type BOOK
Holdings
Withdrawn status Lost status Damaged status Not for loan Collection Home library Current library Date acquired Total Checkouts Full call number Barcode Date last seen Price effective from Koha item type
        CRC Fr. Agnel's C.Rodrigues College of Engineering Fr. Agnel's C.Rodrigues College of Engineering 17/03/2023   620.1 BRA 14180 17/03/2023 17/03/2023 BOOK